<?xml version="1.0" encoding="UTF-8"?>
<record
    xmlns:xsi="http://www.w3.org/2001/XMLSchema-instance"
    xsi:schemaLocation="http://www.loc.gov/MARC21/slim http://www.loc.gov/standards/marcxml/schema/MARC21slim.xsd"
    xmlns="http://www.loc.gov/MARC21/slim">

  <leader>02190cam a2200289 i 4500</leader>
  <controlfield tag="003">OSt</controlfield>
  <controlfield tag="005">20260220115445.0</controlfield>
  <controlfield tag="008">260219q19001999pk     g b    000 0 ara c</controlfield>
  <datafield tag="024" ind1="0" ind2=" ">
    <subfield code="a">00000000990088</subfield>
  </datafield>
  <datafield tag="040" ind1=" " ind2=" ">
    <subfield code="a">SA-JeALM</subfield>
    <subfield code="b">ara</subfield>
    <subfield code="c">SA-RiAUC</subfield>
    <subfield code="e">rda</subfield>
  </datafield>
  <datafield tag="050" ind1=" " ind2="4">
    <subfield code="b">.B37 1900z</subfield>
  </datafield>
  <datafield tag="082" ind1="0" ind2="4">
    <subfield code="a">250.76</subfield>
    <subfield code="q">SA-RiAUC</subfield>
  </datafield>
  <datafield tag="090" ind1=" " ind2=" ">
    <subfield code="a">250.76  </subfield>
    <subfield code="b">&#x628; &#x631; &#x64A;</subfield>
  </datafield>
  <datafield tag="100" ind1="1" ind2=" ">
    <subfield code="a">&#x627;&#x644;&#x628;&#x631;&#x64A;&#x644;&#x648;&#x64A;&#x60C; &#x623;&#x62D;&#x645;&#x62F; &#x631;&#x636;&#x627; &#x62E;&#x627;&#x646; &#x628;&#x646; &#x62A;&#x642;&#x64A; &#x639;&#x644;&#x64A;&#x60C;</subfield>
    <subfield code="d">1856-1921</subfield>
    <subfield code="e">&#x645;&#x624;&#x644;&#x641;.</subfield>
  </datafield>
  <datafield tag="245" ind1="1" ind2="2">
    <subfield code="a">&#x627;&#x644;&#x631;&#x633;&#x627;&#x626;&#x644; :</subfield>
    <subfield code="b">&#x635;&#x64A;&#x642;&#x644; &#x627;&#x644;&#x631;&#x64A;&#x646; &#x639;&#x646; &#x623;&#x62D;&#x643;&#x627;&#x645; &#x645;&#x62C;&#x627;&#x648;&#x631;&#x629; &#x627;&#x644;&#x62D;&#x631;&#x645;&#x64A;&#x646; 1305 &#x647;&#x640;&#x60C; &#x647;&#x627;&#x62F;&#x64A; &#x627;&#x644;&#x623;&#x636;&#x62D;&#x64A;&#x629; &#x628;&#x627;&#x644;&#x634;&#x627;&#x629; &#x627;&#x644;&#x647;&#x646;&#x62F;&#x64A;&#x629;1314 &#x647;&#x640;&#x60C; &#x627;&#x644;&#x635;&#x627;&#x641;&#x64A;&#x629; &#x627;&#x644;&#x645;&#x648;&#x62D;&#x64A;&#x629; &#x644;&#x62D;&#x643;&#x645; &#x62C;&#x644;&#x648;&#x62F; &#x627;&#x644;&#x623;&#x636;&#x62D;&#x64A;&#x629; 1307 &#x647;&#x640;/</subfield>
    <subfield code="c">&#x644;&#x625;&#x645;&#x627;&#x645; &#x623;&#x647;&#x644; &#x627;&#x644;&#x633;&#x646;&#x629; &#x627;&#x644;&#x634;&#x64A;&#x62E; &#x623;&#x62D;&#x645;&#x62F; &#x631;&#x636;&#x627; &#x62E;&#x627;&#x646; &#x627;&#x644;&#x642;&#x627;&#x62F;&#x631;&#x64A; &#x627;&#x644;&#x62D;&#x646;&#x641;&#x64A;.</subfield>
  </datafield>
  <datafield tag="250" ind1=" " ind2=" ">
    <subfield code="a">&#x627;&#x644;&#x637;&#x628;&#x639;&#x629; &#x627;&#x644;&#x623;&#x648;&#x644;&#x649;.</subfield>
  </datafield>
  <datafield tag="264" ind1=" " ind2="1">
    <subfield code="a">&#x644;&#x627;&#x647;&#x648;&#x631;&#x60C; &#x628;&#x627;&#x643;&#x633;&#x62A;&#x627;&#x646; :</subfield>
    <subfield code="b">&#x645;&#x624;&#x633;&#x633;&#x629; &#x631;&#x636;&#x627;&#x60C; &#x627;&#x644;&#x62C;&#x627;&#x645;&#x639;&#x629; &#x627;&#x644;&#x646;&#x638;&#x627;&#x645;&#x64A;&#x629; &#x627;&#x644;&#x631;&#x636;&#x648;&#x64A;&#x629;&#x60C;</subfield>
    <subfield code="c">[&#x628;&#x64A;&#x646; 1900 &#x648;1999]</subfield>
  </datafield>
  <datafield tag="300" ind1=" " ind2=" ">
    <subfield code="a">114 &#x635;&#x641;&#x62D;&#x629; &#x61B;</subfield>
    <subfield code="c">24 &#x633;&#x645;.</subfield>
  </datafield>
  <datafield tag="336" ind1=" " ind2=" ">
    <subfield code="a">&#x646;&#x635;</subfield>
    <subfield code="b">txt</subfield>
    <subfield code="2">rdacontent</subfield>
    <subfield code="3">&#x643;&#x62A;&#x627;&#x628;</subfield>
  </datafield>
  <datafield tag="337" ind1=" " ind2=" ">
    <subfield code="a">&#x628;&#x62F;&#x648;&#x646; &#x648;&#x633;&#x64A;&#x637;</subfield>
    <subfield code="b">n</subfield>
    <subfield code="2">rdamedia</subfield>
  </datafield>
  <datafield tag="338" ind1=" " ind2=" ">
    <subfield code="a">&#x645;&#x62C;&#x644;&#x62F;</subfield>
    <subfield code="b">nc</subfield>
    <subfield code="2">rdacarrier</subfield>
  </datafield>
  <datafield tag="504" ind1=" " ind2=" ">
    <subfield code="a">&#x64A;&#x634;&#x62A;&#x645;&#x644; &#x639;&#x644;&#x649; &#x625;&#x631;&#x62C;&#x627;&#x639;&#x627;&#x62A; &#x628;&#x628;&#x644;&#x64A;&#x648;&#x62C;&#x631;&#x627;&#x641;&#x64A;&#x629;.</subfield>
  </datafield>
  <datafield tag="520" ind1=" " ind2=" ">
    <subfield code="a">&#x64A;&#x62A;&#x646;&#x627;&#x648;&#x644; &#x643;&#x62A;&#x627;&#x628; (&#x627;&#x644;&#x631;&#x633;&#x627;&#x626;&#x644;) &#x648;&#x627;&#x644;&#x630;&#x64A; &#x642;&#x627;&#x645; &#x628;&#x62A;&#x623;&#x644;&#x64A;&#x641;&#x647; &#x627;&#x644;&#x625;&#x645;&#x627;&#x645; &#x623;&#x62D;&#x645;&#x62F; &#x631;&#x636;&#x627; &#x62E;&#x627;&#x646; &#x627;&#x644;&#x642;&#x627;&#x62F;&#x631;&#x64A; &#x627;&#x644;&#x62D;&#x646;&#x641;&#x64A; &#x627;&#x644;&#x628;&#x631;&#x64A;&#x644;&#x648;&#x64A;&#x60C; &#x645;&#x648;&#x636;&#x648;&#x639; (&#x627;&#x644;&#x641;&#x642;&#x647;) &#x647;&#x630;&#x627; &#x627;&#x644;&#x643;&#x62A;&#x627;&#x628; &#x64A;&#x636;&#x645; &#x62B;&#x644;&#x627;&#x62B;&#x629; &#x645;&#x646; &#x631;&#x633;&#x627;&#x626;&#x644; &#x627;&#x644;&#x625;&#x645;&#x627;&#x645; &#x627;&#x644;&#x645;&#x62C;&#x645;&#x648;&#x639;&#x629; &#x648;&#x647;&#x64A;: "&#x635;&#x64A;&#x642;&#x644; &#x627;&#x644;&#x631;&#x64A;&#x646; &#x639;&#x646; &#x623;&#x62D;&#x643;&#x627;&#x645; &#x645;&#x62C;&#x627;&#x648;&#x631;&#x629; &#x627;&#x644;&#x62D;&#x631;&#x645;&#x64A;&#x646;" &#x648; "&#x647;&#x627;&#x62F;&#x64A; &#x627;&#x644;&#x623;&#x636;&#x62D;&#x64A;&#x629; &#x628;&#x627;&#x644;&#x634;&#x627;&#x629; &#x627;&#x644;&#x647;&#x646;&#x62F;&#x64A;&#x629;" &#x648; "&#x627;&#x644;&#x635;&#x627;&#x641;&#x64A;&#x629; &#x627;&#x644;&#x645;&#x648;&#x62D;&#x64A;&#x629; &#x644;&#x62D;&#x643;&#x645; &#x62C;&#x644;&#x648;&#x62F; &#x627;&#x644;&#x623;&#x636;&#x62D;&#x64A;&#x629;"&#x60C; &#x643;&#x644; &#x645;&#x646;&#x647;&#x627; &#x62A;&#x62D;&#x62A;&#x648;&#x64A; &#x639;&#x644;&#x649; &#x645;&#x633;&#x623;&#x644;&#x629; &#x647;&#x627;&#x645;&#x629; &#x627;&#x62E;&#x62A;&#x644;&#x641; &#x641;&#x64A;&#x647;&#x627; &#x628;&#x639;&#x636; &#x627;&#x644;&#x639;&#x644;&#x645;&#x627;&#x621; &#x645;&#x646; &#x645;&#x639;&#x627;&#x635;&#x631;&#x64A;&#x647;&#x60C; &#x648;&#x633;&#x626;&#x644; &#x627;&#x644;&#x625;&#x645;&#x627;&#x645; &#x623;&#x62D;&#x645;&#x62F; &#x631;&#x636;&#x627; &#x639;&#x646; &#x647;&#x630;&#x647; &#x627;&#x644;&#x645;&#x633;&#x627;&#x626;&#x644;&#x60C; &#x641;&#x623;&#x62C;&#x627;&#x628; &#x62C;&#x648;&#x627;&#x628;&#x627; &#x634;&#x627;&#x641;&#x64A;&#x627;&#x60C; &#x645;&#x648;&#x636;&#x62D;&#x627; &#x644;&#x645;&#x634;&#x643;&#x644;&#x627;&#x62A;&#x647;&#x627; &#x648;&#x641;&#x627;&#x62A;&#x62D;&#x627; &#x644;&#x645;&#x63A;&#x644;&#x642;&#x627;&#x62A;&#x647;&#x627;&#x60C; &#x62F;&#x627;&#x644;&#x627; &#x639;&#x644;&#x649; &#x648;&#x641;&#x631;&#x629; &#x625;&#x637;&#x644;&#x627;&#x639;&#x647; &#x648;&#x637;&#x648;&#x644; &#x628;&#x627;&#x639;&#x647; &#x641;&#x64A; &#x627;&#x644;&#x639;&#x644;&#x648;&#x645; &#x627;&#x644;&#x641;&#x642;&#x647;&#x64A;&#x629;. </subfield>
  </datafield>
  <datafield tag="650" ind1=" " ind2="7">
    <subfield code="a">&#x627;&#x644;&#x625;&#x633;&#x644;&#x627;&#x645;</subfield>
    <subfield code="v">&#x645;&#x62A;&#x641;&#x631;&#x642;&#x627;&#x62A;</subfield>
    <subfield code="2">aucsh</subfield>
  </datafield>
  <datafield tag="942" ind1=" " ind2=" ">
    <subfield code="2">ddc</subfield>
    <subfield code="c">BOOK</subfield>
    <subfield code="n">0</subfield>
  </datafield>
  <datafield tag="949" ind1=" " ind2=" ">
    <subfield code="a">SA-JeALM</subfield>
    <subfield code="d">260219</subfield>
    <subfield code="u">osman123</subfield>
    <subfield code="n">1</subfield>
  </datafield>
  <datafield tag="952" ind1=" " ind2=" ">
    <subfield code="0">0</subfield>
    <subfield code="1">0</subfield>
    <subfield code="2">ddc</subfield>
    <subfield code="4">0</subfield>
    <subfield code="7">0</subfield>
    <subfield code="a">WAHAB</subfield>
    <subfield code="b">WAHAB</subfield>
    <subfield code="d">2026-02-20</subfield>
    <subfield code="l">0</subfield>
    <subfield code="o">250.76  &#x628; &#x631; &#x64A;</subfield>
    <subfield code="p">000022810</subfield>
    <subfield code="r">2026-02-20 11:55:15</subfield>
    <subfield code="w">2026-02-20</subfield>
    <subfield code="y">BOOK</subfield>
  </datafield>
  <datafield tag="999" ind1=" " ind2=" ">
    <subfield code="c">14389</subfield>
    <subfield code="d">14389</subfield>
  </datafield>
</record>
